|
|
|
|
| LEADER |
00000nam a22000007a 4500 |
| 005 |
20201231211356.0 |
| 007 |
cr|||| |||| |
| 008 |
201231s2011 br |||||s|||| 00||0 por d |
| 020 |
|
|
|a 978-85-89917-67-4
|
| 035 |
|
|
|a 32488
|
| 040 |
|
|
|a vLex
|
| 090 |
|
|
|c 11038
|d 11038
|
| 100 |
1 |
|
|a Portes de Oliveira, Vanderlei
|
| 245 |
1 |
0 |
|a Ensino Jurd̕ico
|h [Recurso electrn̤ico] :
|b A Crise do Ensino no Direito e o Acesso ̉Justiȧ /
|c Vanderlei Portes de Oliveira
|
| 256 |
|
|
|a Servicio en ln̕ea
|
| 260 |
|
|
|a San Pablo:
|b Letras Jurídicas Editora,
|c 2011
|
| 300 |
|
|
|a 1 recurso electrn̤ico
|
| 500 |
|
|
|a A apresentaȯ̂ de um livro, de ordinr̀io, exige do apresentador um "passeio" pela obra, capt̕ulo por capt̕ulo, explicando, resumidamente, cada um deles. Seria, por assim dizer, uma segunda introduȯ̂.
|
| 506 |
1 |
|
|a Disponible solo en los productos indicados
|d vLex Global
|d vLex Global (Academic Edition, excluding Law Schools)
|d vLex Global (U.S. Academic Edition, Law Schools)
|d vLex Global (U.S. Academic Edition, excluding Law Schools)
|d vLex Global (Academic Edition, Law Schools)
|
| 650 |
0 |
4 |
|a Derecho Pb︢lico y Administrativo
|z Brasil
|
| 650 |
0 |
4 |
|a Educacin̤
|z Brasil
|
| 740 |
0 |
|
|a vLex Libros (Servicio en ln̕ea)
|
| 856 |
4 |
0 |
|u http://vlex.com/source/ensino-juridico-a-crise-do-ensino-no-direito-e-o-acesso-a-justi-a-32488
|z Acceso restringido
|
| 942 |
|
|
|c BOOK
|
| 999 |
0 |
|
|a Public and Administrative Law
|
| 999 |
0 |
|
|a Education
|